ბათუმის შოთა რუსთაველის სახელმწიფო უნივერსიტეტის ბიბლიოთეკა

Промышленная переработка плодов и овощей.= COMMERCIAL FRUIT AND VEGETABLE PRODUCTS. (ბიბ.ჩანაწერი № 41428)

000 -LEADER
fixed length control field 00697nam a2200205Ia 4500
001 - CONTROL NUMBER
control field 8090
003 - CONTROL NUMBER IDENTIFIER
control field GE_BSU
008 - FIXED-LENGTH DATA ELEMENTS--GENERAL INFORMATION
fixed length control field 181216s||||||||xx |||||||||||||| ||und||
040 ## - CATALOGING SOURCE
Transcribing agency GE_BSU
080 ## - UNIVERSAL DECIMAL CLASSIFICATION NUMBER
Universal Decimal Classification number 664.8
100 ## - MAIN ENTRY--PERSONAL NAME
Personal name Крюсс,В.В.
245 ## - TITLE STATEMENT
Title Промышленная переработка плодов и овощей.= COMMERCIAL FRUIT AND VEGETABLE PRODUCTS.
245 ## - TITLE STATEMENT
Statement of responsibility, etc. Под ред. И.И.Адамовского и Д.И.Спиридонова.
260 ## - PUBLICATION, DISTRIBUTION, ETC.
Place of publication, distribution, etc. М.
260 ## - PUBLICATION, DISTRIBUTION, ETC.
Name of publisher, distributor, etc. Пищепромиздат.
260 ## - PUBLICATION, DISTRIBUTION, ETC.
Date of publication, distribution, etc. 1963.
300 ## - PHYSICAL DESCRIPTION
Extent 428стр.с илл.22см.
653 ## - INDEX TERM--UNCONTROLLED
Uncontrolled term Промышленная переработка плодов и овощей.
942 ## - ADDED ENTRY ELEMENTS (KOHA)
Koha item type წიგნი
ეგზემპლარები
Withdrawn status Lost status Damaged status Not for loan Date acquired Barcode Date last seen Price effective from Koha item type
        2018-12-17 12102 2018-12-17 2018-12-17 წიგნი